| 000 | 01243naa a22003497a 4500 | ||
|---|---|---|---|
| 001 | BR8105910 | ||
| 003 | BR-BrBNA | ||
| 005 | 20250716171945.0 | ||
| 007 | ta | ||
| 008 | 250630b bl.|||m| |||| 00| 0 por d | ||
| 040 |
_aBR-BrBNA _bpor _cBiblioteca Nacional de Agricultura |
||
| 041 | _a(Pt) | ||
| 072 |
_aF30 _b0170 _bG514 |
||
| 090 | _aF30 BR8105910 | ||
| 100 | 1 | _aLira, M. de A. | |
| 100 | 1 | _aFaris, M.A. | |
| 100 | 1 | _aAraujo, S.C. | |
| 100 | 1 | _aSantos, J.P.O. | |
| 100 | 1 | _aArcoverde, A.S.S. | |
| 100 | 1 | _aOliveira, S.A. de | |
| 245 | 1 | _aNova cultivar de sorgo granifero da Uganda (9DX 9/11)adaptacao a Serra Talhada, Pernambuco [Sorghum bicolor, Brasil] | |
| 500 | _aCurso de extensao sobre a cultura do sorgo-1980 Recife, PE (Brasil): 1981. p. 27-32 [Summaries (En, Pt)] (BR8105910-AMS) | ||
| 773 | 0 |
_tCurso de extensao sobre a cultura do sorgo-1980 _wF30 BR8105910 _gRecife, PE (Brasil), 1981. p. 27-32 |
|
| 650 | _aSORGO GRANIFERO | ||
| 650 | _aSELECAO GENETICA | ||
| 650 | _aCOMPETICAO DE VARIEDADE | ||
| 650 | _aSERRA TALHADA | ||
| 650 | _aPERNAMBUCO | ||
| 490 |
_aDocumentos - Empresa Pernambucana de Pesquisa Agropecuaria (Brazil) _vno. 1 |
||
| 942 |
_cAMS _2AGRIS |
||
| 909 |
_a202506 _bLúcia _c55 _dLúcia Elande |
||
| 999 |
_c333829 _d333829 |
||